[Event "CZE-chT1E 1314"]
[Site "Czech Republic"]
[Date "2014.03.16"]
[Round "9.7"]
[White "Hodovsky, Jiri"]
[Black "Skacelik, Petr"]
[Result "1/2-1/2"]
[WhiteElo "2129"]
[BlackElo "2185"]
[PlyCount "71"]
[EventDate "2013.10.20"]
[EventType "team-tourn"]
[EventRounds "11"]
[EventCountry "CZE"]
[SourceTitle "EXT 2015"]
[Source "ChessBase"]
[SourceDate "2014.11.20"]
[SourceVersion "1"]
[SourceVersionDate "2014.11.20"]
[SourceQuality "1"]
[WhiteTeam "Zlin"]
[BlackTeam "Brno Duras"]
[WhiteTeamCountry "CZE"]
[BlackTeamCountry "CZE"]

1. d4 Nf6 2. c4 g6 3. Nc3 Bg7 4. Nf3 0-0 5. g3 d6 6. Bg2 c5 7. dxc5 dxc5 8. Qxd8 Rxd8 9. Be3 Nc6 10. Bxc5 Be6 11. Nd2 Nd7 12. Ba3 Nb6 13. c5 Nc4 14. Nxc4 Bxc4 15. 0-0 Rd7 16. Rfd1 Rad8 17. e3 Rxd1+ 18. Rxd1 Rxd1+ 19. Nxd1 Bxa2 20. b4 a6 21. Bb2 Bxb2 22. Bxc6 bxc6 23. Nxb2 Kf8 24. f4 Ke8 25. Kf2 Kd7 26. e4 Kc7 27. Ke3 Kb7 28. Kd4 a5 29. bxa5 Ka6 30. Nd3 Kxa5 31. g4 Kb5 32. h4 f6 33. g5 Bb1 34. Nf2 f5 35. exf5 Bxf5 36. Nd1 1/2-1/2

[Event "CZE-chT1E 1314"]
[Site "Czech Republic"]
[Date "2014.01.26"]
[Round "6.7"]
[White "Stachon, Martin"]
[Black "Hodovsky, Jiri"]
[Result "1-0"]
[WhiteElo "2113"]
[BlackElo "2129"]
[PlyCount "55"]
[EventDate "2013.10.20"]
[EventType "team-tourn"]
[EventRounds "11"]
[EventCountry "CZE"]
[SourceTitle "EXT 2015"]
[Source "ChessBase"]
[SourceDate "2014.11.20"]
[SourceVersion "1"]
[SourceVersionDate "2014.11.20"]
[SourceQuality "1"]
[WhiteTeam "Kromeriz"]
[BlackTeam "Zlin"]
[WhiteTeamCountry "CZE"]
[BlackTeamCountry "CZE"]

1. e4 c5 2. Nf3 Nc6 3. d4 cxd4 4. Nxd4 Nf6 5. Nc3 d6 6. Be2 Bd7 7. 0-0 e6 8. Be3 a6 9. f4 Be7 10. Kh1 Rc8 11. Qe1 e5 12. Nxc6 Bxc6 13. fxe5 dxe5 14. Qg3 Qa5 15. Bg5 Qc5 16. Rf5 Bxe4 17. Rxe5 Qb4 18. Bxf6 gxf6 19. Rxe4 Qxb2 20. Rb1 Qxc3 21. Qxc3 Rxc3 22. Rxb7 Rxc2 23. Rexe7+ Kd8 24. Rbd7+ Kc8 25. Bxa6+ Kb8 26. Rb7+ Kc8 27. Rbc7+ Kd8 28. Rcd7# 1-0